The Japanese ninja surprise / (Record no. 4304)

MARC details
000 -LEADER
fixed length control field 01872cam a2200529 a 4500
001 - CONTROL NUMBER
control field 4304
003 - CONTROL NUMBER IDENTIFIER
control field FISKH
005 - DATE AND TIME OF LATEST TRANSACTION
control field 20250723094740.0
008 - FIXED-LENGTH DATA ELEMENTS--GENERAL INFORMATION
fixed length control field 090424s2009 nyua b 000 1 eng
010 ## - LIBRARY OF CONGRESS CONTROL NUMBER
LC control number 2009014578
015 ## - NATIONAL BIBLIOGRAPHY NUMBER
National bibliography number GBA9C3774
Source bnb
016 7# - NATIONAL BIBLIOGRAPHIC AGENCY CONTROL NUMBER
Record control number 015443600
Source Uk
020 ## - INTERNATIONAL STANDARD BOOK NUMBER
International Standard Book Number 9780061429958 (trade bdg.)
020 ## - INTERNATIONAL STANDARD BOOK NUMBER
International Standard Book Number 9780545251877
020 ## - INTERNATIONAL STANDARD BOOK NUMBER
International Standard Book Number 0061429953 (trade bdg.)
020 ## - INTERNATIONAL STANDARD BOOK NUMBER
International Standard Book Number 9780061429941 (lib. bdg.)
020 ## - INTERNATIONAL STANDARD BOOK NUMBER
International Standard Book Number 0061429945 (lib. bdg.)
035 ## - SYSTEM CONTROL NUMBER
System control number (OCoLC)ocn310399288
040 ## - CATALOGING SOURCE
Original cataloging agency DLC
Transcribing agency DLC
Language of cataloging eng
050 ## - LIBRARY OF CONGRESS CALL NUMBER
Classification number PZ7.P3856
082 ## - DEWEY DECIMAL CLASSIFICATION NUMBER
Classification number 813.6
100 1# - MAIN ENTRY--PERSONAL NAME
Personal name Pennypacker, Sara,
Dates associated with a name 1951-
245 14 - TITLE STATEMENT
Title The Japanese ninja surprise /
Statement of responsibility, etc. created by Jeff Brown ; written by Sara Pennypacker ; pictures by Macky Pamintuan.
250 ## - EDITION STATEMENT
Edition statement First Scholastic printing, March 2010
260 ## - PUBLICATION, DISTRIBUTION, ETC.
Place of publication, distribution, etc. New York :
Name of publisher, distributor, etc. Scholastic,
Date of publication, distribution, etc. 2009.
300 ## - PHYSICAL DESCRIPTION
Extent 96, 5 pages :
Other physical details illustrations ;
Dimensions 20 cm
490 1# - SERIES STATEMENT
Series statement Flat Stanley's worldwide adventures ;
Volume/sequential designation Book 3
500 ## - GENERAL NOTE
General note Includes an excerpt from: The intrepid Canadian expedition.
520 ## - SUMMARY, ETC.
Summary, etc. Flat Stanley mails himself to Japan to visit his hero, martial arts movie star Oda Nobu, and becomes his personal ninja.
521 8# - TARGET AUDIENCE NOTE
Target audience note 670<br/>
Source Lexile<br/>
521 8# - TARGET AUDIENCE NOTE
Target audience note Q<br/>
Source Raz-Plus<br/>
650 #0 - SUBJECT ADDED ENTRY--TOPICAL TERM
Topical term or geographic name entry element Ninja
Form subdivision Juvenile fiction.
650 #0 - SUBJECT ADDED ENTRY--TOPICAL TERM
Topical term or geographic name entry element Martial arts
Form subdivision Juvenile fiction.
650 #0 - SUBJECT ADDED ENTRY--TOPICAL TERM
Topical term or geographic name entry element Actors
Form subdivision Juvenile fiction.
650 #1 - SUBJECT ADDED ENTRY--TOPICAL TERM
Topical term or geographic name entry element Ninja
Form subdivision Fiction.
650 #1 - SUBJECT ADDED ENTRY--TOPICAL TERM
Topical term or geographic name entry element Martial arts
Form subdivision Fiction.
650 #1 - SUBJECT ADDED ENTRY--TOPICAL TERM
Topical term or geographic name entry element Actors and actresses
Form subdivision Fiction.
650 #1 - SUBJECT ADDED ENTRY--TOPICAL TERM
Topical term or geographic name entry element Voyages and travels
Form subdivision Fiction.
650 #1 - SUBJECT ADDED ENTRY--TOPICAL TERM
Topical term or geographic name entry element Flat Stanley (Fictitious character)
Form subdivision Fiction.
651 #0 - SUBJECT ADDED ENTRY--GEOGRAPHIC NAME
Geographic name Japan
Form subdivision Juvenile fiction.
651 #1 - SUBJECT ADDED ENTRY--GEOGRAPHIC NAME
Geographic name Japan
Form subdivision Fiction.
700 1# - ADDED ENTRY--PERSONAL NAME
Personal name Brown, Jeff,
Dates associated with a name 1926-2003.
Relator term Creator
700 1# - ADDED ENTRY--PERSONAL NAME
Personal name Pamintuan, Macky,
Relator term illustrator
906 ## - LOCAL DATA ELEMENT F, LDF (RLIN)
a 7
b cbc
c orignew
d 1
e ecip
f 20
g y-gencatlg
942 ## - ADDED ENTRY ELEMENTS (KOHA)
Source of classification or shelving scheme Dewey Decimal Classification
Koha item type Books
Suppress in OPAC No
Holdings
Withdrawn status Lost status Source of classification or shelving scheme Damaged status Not for loan Collection Home library Current library Shelving location Date acquired Total Checkouts Full call number Barcode Date last seen Price effective from Koha item type Date due Date last checked out Copy number
    Dewey Decimal Classification     Juvenile Fiction Footprints International School Library Network Toul Kork Campus Footprints International School Library Network Toul Kork Campus TK Primary Library Room(4th Floor), Bookcase 5&6, Shelves 33-56, Orange Books 07/17/2024   BRO 813.6 PZ7.P3856 FISTK00406 07/17/2024 07/17/2024 Books      
    Dewey Decimal Classification     Juvenile Fiction Footprints International School Library Network Toul Tom Poung Campus Footprints International School Library Network Toul Tom Poung Campus TTP Primary Orange Bookshelves 07/23/2025 2 BRO 813.6 PZ7.P3856 FISBK00250 11/26/2025 07/23/2025 Books 12/10/2025 11/26/2025 2